Przystanki Linia 62 Szczecin - Statystyki

Ogólne statystyki
  • Ten quiz został rozwiązany 18 razy
  • Średni wynik to 12 z 19
Statystyki odpowiedzi
Numer Przystanek % Poprawnych
4 Plac Kościuszki
90%
19 Ustowo Auchan
90%
1 Plac Zwycięstwa
80%
2 Plac Zwycięstwa
80%
15 Cukrowa
70%
8 Mieszka I
70%
17 Południowa
70%
11 Reda
70%
6 Szwoleżerów
70%
9 Białowieska
60%
18 Ogrody "Górki Ustowskie
60%
3 Krzywoustego
60%
5 Narutowicza
60%
7 Plac Szyrockiego
60%
10 Wierzbowa
60%
14 Cmentarz Zachodni
50%
12 Krakowska Uniwersytet
40%
13 Ogrody "Malwa"
40%
16 Radomska
40%
Nie znaleziono quizów pasujących do podanych kryteriów
Rozkład punktacji
Procent ludzi z każdym wynikiem
Percentyl według liczby udzielonych odpowiedzi
Twoja historia wyników
Nie rozwiązałeś tego quizu